IMD world competitiveness yearbook 2007.
| Format: | Book |
|---|---|
| Published: |
Lausanne:
Institute for Management Development,
2007.
|
| Subjects: |
| LEADER | 00543cam a2200145 7i4500 | ||
|---|---|---|---|
| 001 | 0000027787 | ||
| 005 | 20121015090000.0 | ||
| 090 | 0 | 0 | |a CD 337. |b INT ( I ) |
| 245 | 0 | 0 | |a IMD world competitiveness yearbook 2007. |
| 260 | 0 | 0 | |a Lausanne: |b Institute for Management Development, |c 2007. |
| 300 | # | # | |a Electronic computer optical disc (CD-ROM). |
| 650 | 0 | 0 | |a International trade -- |x Statistics |
| 650 | 0 | 0 | |a Competitiveness world yearbook |
| 650 | 0 | 0 | |a Competition,International -- |x Statistics |
| 999 | |a CDR000656H |b CD-ROM |c AV Collection |e Business Information Centre | ||